00235nam a2200097Ia 4500008004100000100001700041245003300058260002200091942000700113999001700120190216s9999||||xx |||||||||||||| ||und|| aVijayan Nair 0aNalacharitham Munaam Divasam bAjith Book Center cBK c25666d25666